| 000 | 01745nam a2200361 c 4500 | ||
|---|---|---|---|
| 003 | BLK | ||
| 005 | 20230112153026.0 | ||
| 008 | 180409b bul|||||r ||||||| ||bul|| | ||
| 010 | _aKNG00136955000 | ||
| 020 |
_a978-954-9666-56-4 _bиздат.: Мед. изд. Райков |
||
| 040 | _aBLK | ||
| 041 |
_aBUL _cBUL |
||
| 072 | 7 |
_2bullib _aН61 _xМедицина Н |
|
| 080 |
_aПатологична физиология. Патогенеза. Учение за развитие на болестния процес. Експериментална патологи _b616-092 _x(075.8) _z616-092(075.8) |
||
| 100 | 1 |
_aАндонов, Владимир Николов _eпърви автор _9322610 |
|
| 700 | 1 |
_aСтойнев, Александър Георгиев _eпод ред. на _9378202 |
|
| 700 | 1 |
_aИлучев, Димитър Христов _eпод ред. на _972836 |
|
| 139 |
_aОснови на патофизиологията _bО 83 |
||
| 245 | 1 | 0 |
_aОснови на патофизиологията _bУчебник за студенти по медицина _cВладимир Николов Андонов; под ред. на Александър Георгиев Стойнев; под ред. на Димитър Христов Илучев. |
| 257 | _aBGR | ||
| 260 |
_аПловдив _bМед. изд. Райков _c2010 |
||
| 300 |
_a709 с. _bс ил. _c24 см |
||
| 380 | _a61 | ||
| 650 | 4 |
_aПатологична физиология _9279020 |
|
| 653 | _aпатофизиология | ||
| 653 | _aучебници за ВУЗ | ||
| 659 | _aН | ||
| 852 | _aЦб 257350 | ||
| 856 | 4 |
_qpdf _u |
|
| 856 | 4 |
_qpdf _u |
|
| 942 |
_cKNG _n0 _03 |
||
| 944 |
_aCR _c15.01.2003 _lф / _kГеновева_Генчева |
||
| 944 |
_aED _c15.01.2013 _lф / _k |
||
| 999 |
_c131152 _d131152 |
||